Hodnotenie údržby stavebných objektov aplikáciou facility managementu

Uložené v:
Podrobná bibliografia
Hlavný autor: Cúciková, Zuzana (Autor)
Ďalší autori: Somorová, Viera (Vedúci práce)
Médium: Rukopis Kniha
Jazyk:Slovak
Vydavateľské údaje: 2016
Predmet:
On-line prístup:http://is.stuba.sk/zp/portal_zp.pl?podrobnosti=102447
Tagy: Pridať tag
Žiadne tagy, Buďte prvý, kto otaguje tento záznam!

MARC

LEADER 00000ntm a22000003a 4500
001 stuzp35770
003 SK-STU
005 20160903210143.6
007 ta
008 150427s2015----xo-----f-mn---000-0-slo-d
040 |a STU  |b slo 
041 0 |a slo 
100 1 |a Cúciková, Zuzana  |u 010270  |k Z3  |4 aut  |U SvF Stavebná fakulta  |T SvF Katedra technológie stavieb  |X 22620  |U V270  |Y 28  |7 A000022620 
242 0 1 |a Maintenance Assessment of Building Structure with the Facility Management Application  |y eng 
245 1 0 |a Hodnotenie údržby stavebných objektov aplikáciou facility managementu 
260 |c 2016 
650 4 |a životnosť  |2 slo 
650 4 |a facility management  |2 slo 
650 4 |a údržba  |2 slo 
650 4 |a maintenance  |2 eng 
650 4 |a life cycle  |2 eng 
650 4 |a facility management  |2 eng 
700 1 |a Somorová, Viera  |u 010270  |k Z1  |4 ths  |U SvF Stavebná fakulta  |T SvF Katedra technológie stavieb  |X 672  |U V270  |Y 28  |7 A000000672 
856 4 |u http://is.stuba.sk/zp/portal_zp.pl?podrobnosti=102447 
996 |b 284V041385  |c V* 3328/DP-1258  |l VVS  |s P  |a 0  |w stuzp35770_0001